000 00812nam a22002177a 4500
999 _c14313
_d14313
003 AR-CdUCM
008 190417b ||||| |||| 00| 0 spa d
040 _aMUNICIPALIDAD PROVINCIAL DEL CUSCO
_cBIBLIOTECA MUNICIPAL DEL CUSCO
082 _aES / 800 /
_bC95
110 _aI.D.A.G.
_933045
245 _aCuentos Árabes /
260 _aEspaña :
_bI.D.A.G.,
_c1963.
300 _a175 páginas ;
_bIlustraciones,
_c21 cm.
440 _aColección Auriga, serie Esmeralda.
_933046
505 _aContenido: Historia de Abul Hassán -- El tonto y el pícaro -- La cuenta de los panes -- El pájaro de oro -- Disputa por señas ...
650 _aLiteratura Estadounidense
_931137
650 _aNovelas juveniles estadounidenses
_932618
650 _aSiglo XX
_98
942 _2ddc
_cLIBROS
945 _arum
_d2019-04-22